20 zufällige Charaktere nach Bildern - Attack on Titan - Statistiken

Allgemein
  • Dieses Quiz wurde 45 mal gespielt
  • Das Durchschnittsergebnis liegt bei 12 aus 20
Antwortstatistiken
Bildquiz Antwort % Korrekt
Mikasa Ackermann
100%
Armin Arlert
93%
Eren Jäger
91%
Levi Ackermann
90%
Berthold Fubar
89%
Ymir
85%
Sasha Braus
84%
Erwin Smith
80%
Marco Bott
80%
Reiner Braun
80%
Historia Reiss
75%
Grisha Jäger
74%
Zeke Jäger
74%
Annie Leonhardt
73%
Connie Springer
71%
Gabi Braun
71%
Ymir Fritz
71%
Hannes
67%
Hanji Zoe
63%
Jean Kirschstein
63%
Pieck Finger
63%
Flocke Forster
61%
Falco Grice
60%
Kenny Ackermann
58%
Dot Pixis
50%
Porco Galliard
39%
Keith Shadis
35%
Onyankopon
33%
Petra Ral
28%
Yelena
22%
Theo Magath
16%
Tom Xaver
16%
Darius Zackly
9%
Daz
6%
Kiyomi Azumabito
4%
Samuel
0%
Keine übereinstimmenden Quizze gefunden
Verteilung der Resultate
Anzahl Personen mit jedem Resultat
Perzentil nach korrekt beantworteten Fragen
Ihre Resultats-Entwicklung
Sie haben dieses Quiz noch nicht gespielt